Endangered animals quiz-by picture - Statistics

General Stats
  • This quiz has been taken 54 times
  • The average score is 5 of 6
Answer Stats
Picture Answer % Correct
panda
100%
tiger
100%
red panda
97%
rhino
93%
great white shark
60%
proboscis monkey
37%
No matching quizzes found
Score Distribution
Percent of People with Each Score
Percentile by Number Answered
Your Score History
You have not taken this quiz